2004 NFL Standings - Statistics

General Stats
  • This quiz has been taken 23 times
  • The average score is 19 of 32
Answer Stats
Rank (seed) Record NFL Team % Correct
AFC East Champ (2) 14-2 New England Patriots
100%
AFC North Champ (1) 15-1 Pittsburgh Steelers
93%
AFC South Champ (3) 12-4 Indianapolis Colts
86%
AFC Wild Card (5) 10-6 New York Jets
86%
AFC West Champ (4) 12-4 San Diego Chargers
86%
NFC South Champ (2) 11-5 Atlanta Falcons
71%
NFC North Champ (3) 10-6 Green Bay Packers
71%
NFC Wild Card (6) 8-8 Minnesota Vikings
71%
NFC East Champ (1) 13-3 Philadelphia Eagles
71%
NFC West Champ (4) 9-7 Seattle Seahawks
64%
NFC Wild Card (5) 8-8 St. Louis Rams
64%
AFC (7) Missed Playoffs 9-7 Baltimore Ravens
57%
NFC (15) Missed Playoffs 5-11 Chicago Bears
57%
AFC (15) Missed Playoffs 4-12 Cleveland Browns
57%
AFC Wild Card (6) 10-6 Denver Broncos
57%
AFC (11) Missed Playoffs 7-9 Houston Texans
57%
NFC (7) Missed Playoffs 8-8 New Orleans Saints
57%
AFC (9) Missed Playoffs 9-7 Buffalo Bills
50%
NFC (8) Missed Playoffs 7-9 Carolina Panthers
50%
AFC (10) Missed Playoffs 8-8 Cincinnati Bengals
50%
AFC (8) Missed Playoffs 9-7 Jacksonville Jaguars
50%
AFC (16) Missed Playoffs 4-12 Miami Dolphins
50%
NFC (9) Missed Playoffs 6-10 New York Giants
50%
NFC (16) Missed Playoffs 2-14 San Francisco 49ers
50%
AFC (13) Missed Playoffs 5-11 Tennessee Titans
50%
NFC (13) Missed Playoffs 6-10 Arizona Cardinals
43%
NFC (10) Missed Playoffs 6-10 Dallas Cowboys
43%
NFC (12) Missed Playoffs 6-10 Detroit Lions
43%
AFC (12) Missed Playoffs 7-9 Kansas City Chiefs
43%
AFC (14) Missed Playoffs 5-11 Oakland Raiders
43%
NFC (14) Missed Playoffs 5-11 Tampa Bay Buccaneers
43%
NFC (11) Missed Playoffs 6-10 Washington Redskins
43%
No matching quizzes found
Score Distribution
Percent of People with Each Score
Percentile by Number Answered
Your Score History
You have not taken this quiz